[Event "Linares 16th"]
[Site "Linares"]
[Date "1999.03.02"]
[Round "8"]
[White "Leko, Peter"]
[Black "Adams, Michael"]
[Result "1/2-1/2"]
[WhiteElo "2694"]
[BlackElo "2716"]
[Annotator "Blatny,P"]
[PlyCount "52"]
[EventDate "1999.02.21"]
[EventType "tourn"]
[EventRounds "14"]
[EventCountry "ESP"]
[EventCategory "20"]
[SourceTitle "CBM 070"]
[Source "ChessBase"]
[SourceDate "1999.06.08"]
[SourceVersion "1"]
[SourceVersionDate "1999.06.08"]
[SourceQuality "1"]

1. e4 e5 2. Nf3 Nc6 3. Bb5 a6 4. Ba4 Nf6 5. O-O Be7 6. Re1 b5 7. Bb3 O-O 8. c3
d5 9. exd5 Nxd5 10. Nxe5 Nxe5 11. Rxe5 c6 12. d3 Bd6 13. Re1 Qh4 (13... Bf5 $5
14. Nd2 (14. Bxd5 cxd5 15. Nd2 Bxd3 $13) 14... Nf4 15. Qf3 Qd7 16. Ne4 Bg4 17.
Qe3 Nxd3 18. Nxd6 Qxd6 $11 {Smirin,I-Adams,M/Tilburg 1992}) 14. g3 Qh3 15. Re4
Qf5 {Es ist sehr interessant, die Entwicklung in dieser Modevariante im
Marshallangriff zu beobachten. Obwohl Timman letztlich mit 15...Sf6 gegen
Ivanchuk erfolgreich war, wählt Adams die ältere "Hauptvariante".} (15... Nf6 {
--> CBM 68,69}) 16. Nd2 Qg6 17. Re1 f5 18. f4 (18. Nf3 $6 f4 19. Ne5 Bxe5 20.
Rxe5 fxg3 21. hxg3 Bg4 $36 {Leko,P-Svidler,P/Dortmund 1998}) 18... Bxf4 19. Qf3
(19. Nf3 Bc7 20. Ne5 Bxe5 21. Rxe5 Be6 22. c4 bxc4 23. dxc4 Nb6 24. Be3 Rab8
25. Qd6 Bf7 26. Qxg6 hxg6 {1/2-1/2 Milos,G-Sanz Alonso,F/Elgoibar/1993/ (43)})
19... Bb8 ({Dieser Zug ist wesentlich stärker als das von mir gewählte} 19...
Bxd2 20. Bxd5+ cxd5 21. Qxd5+ Kh8 22. Bxd2 Ra7 23. Qc5 Raf7 24. Bf4 $16 {
Koch,J-Blatny,P/Haifa 1989/EU-chT}) 20. Bxd5+ cxd5 21. Nb3 $5 $146 {Die
Neuerung von Leko.} ({Schlechter ist} 21. Qxd5+ Kh8 22. Qxa8 (22. Nf3 Bxg3 23.
Qxa8 (23. Re2 Bc7+ 24. Rg2 Qb6+ 25. d4 Bb7 26. Qd7 Rg8 27. Ng5 Raf8 $19) (23.
hxg3 Qxg3+ 24. Kf1 (24. Kh1 Ra7 $19) 24... f4 25. Ng5 h6 26. Nf7+ Rxf7 27. Re8+
(27. Qxa8 f3 $19) 27... Kh7 28. Qxa8 f3 $19) 23... Bxe1+ 24. Kf1 f4 25. Kxe1
Re8+ 26. Kf2 Bh3 27. Qxe8+ Qxe8 28. Bxf4 $17) 22... Qb6+ 23. d4 Bb7 24. Re6 $1
Qc7 $1 25. Qxb7 (25. Qxb8 Rxb8 26. Nb3 Qc4 27. Re5 Qd3 28. Bf4 $8 g5 $1 29. Re3
$1 (29. Bxg5 Qf3 30. d5 Bxd5 $19) 29... Qc2 30. Be5+ Kg8 31. Kf1 Bd5 $1 (31...
Re8 32. Re2 Qd3 33. Kf2 Qf3+ 34. Ke1 Bd5 35. Rf2 $1 $15) 32. Bxb8 Qg2+ 33. Ke1
Bxb3 34. axb3 Qg1+ 35. Kd2 Qxa1 36. Kc2 Qf1 37. Rd3 $1 Qg2+ (37... f4 38. gxf4
gxf4 39. d5 Qe2+ 40. Rd2 Qe4+ 41. Kc1 $11) 38. Rd2 Qe4+ 39. Rd3 Qd5 $17 {
[%cal Gg8f7,Gf7g6,Gg6h5,Gh5g4]}) 25... Qxb7 26. Nb3 Qf7 27. Nc5 f4 28. Bxf4
Bxf4 29. gxf4 Qxf4 30. Re2 $17 {_|_}) ({Und} 21. Nf1 {führt zum Ausgleich nach}
Ra7 ({oder} 21... Bb7 22. Re7 Bc6 23. Qe3 f4 24. Qe6+ Qxe6 25. Rxe6 Bd7 $11 {
Popovic,P-Pavlovic,M/Cetinje 1993/TD (26)}) 22. Bf4 Bxf4 23. Qxf4 d4 24. cxd4
Rd7 25. Re5 {1/2-1/2 Fogarasi,T-Lukacs,P/Budapest 1994/CBM 43 ext}) 21... Qf7 (
21... Bb7 $5 22. Re7 (22. Nc5 Ba7 23. b4 (23. d4 $6 Bxc5 24. dxc5 Bc6 $36 {
[%csl Rf3,Rg2,Rh1][%cal Gd5d4,Gc6h1]}) (23. Be3 f4 24. Bd4 $8 $11) 23... Bc6
24. d4 Bxc5 25. bxc5 Rae8 $11) (22. Nd4 f4 23. g4 Ba7 $36) 22... Ba7+ 23. d4 (
23. Be3 d4 $1 24. Qxb7 dxe3 25. d4 f4 $36) 23... Rf7 $11) 22. Nd4 ({Viel
besser war} 22. Bf4 {mit der Idee} Ba7+ (22... Bxf4 $2 23. Qxf4 {und Schwarz
steht strategisch auf Verlust.}) 23. d4 {und Schwarz hat es wesentlich
schwerer, ein entsprechendes Gegenspiel zu finden als in der Partie.}) 22...
Ba7 23. Bf4 Bd7 24. Re5 ({Weiss kann nicht b5-b4 verhindern, weil er mit
eigenem} 24. b4 {den Bauern auf c3 schwächt.} {Nach} Rac8 $1 25. Bd2 $8 f4 $1 {
bekommt Schwarz eine gefährliche Initiative für den geopferten Bauern.}) 24...
b4 $1 $11 25. Rae1 Rae8 26. Kf1 bxc3 {Es bleibt nicht viel Dynamik in dieser
Stellung und die entstehenden ungleichfarbigen Läufer sind ein weiterer
Remisfaktor, dadurch} 1/2-1/2

[Event "Pardubice"]
[Site "Pardubice"]
[Date "1993.??.??"]
[Round "6"]
[White "Dolmatov, Sergey"]
[Black "Blatny, Pavel"]
[Result "1-0"]
[WhiteElo "2630"]
[BlackElo "2510"]
[Annotator "Blatny,P"]
[PlyCount "79"]
[EventDate "1993.07.??"]
[EventType "tourn"]
[EventRounds "9"]
[EventCountry "CZE"]
[EventCategory "14"]
[SourceTitle "CBM 037"]
[Source "ChessBase"]
[SourceDate "1993.12.01"]
[SourceVersion "1"]
[SourceVersionDate "1993.12.01"]
[SourceQuality "1"]

1. e4 e5 2. Nf3 Nc6 3. Bb5 a6 4. Ba4 Nf6 5. O-O Be7 6. Re1 b5 7. Bb3 O-O 8. c3
d5 9. exd5 Nxd5 10. Nxe5 Nxe5 11. Rxe5 c6 12. d4 Bd6 13. Re1 Qh4 14. g3 Qh3 15.
Be3 Bg4 16. Qd3 Rae8 17. Nd2 f5 18. f4 g5 19. Qf1 Qh5 20. Qg2 gxf4 21. Bxd5+
Kh8 (21... cxd5 22. Qxd5+ Kg7 23. Bxf4 Bxf4 24. gxf4 Kh8 25. Rxe8 Rxe8 26. Qc6
Rg8 27. Qf6+ (27. Kh1 $5) 27... Rg7 $44) 22. Bxf4 Bxf4 23. Bxc6 Be3+ 24. Kh1
Re6 (24... Bh3 25. Qe2 Qh6 (25... Bg4 26. Bxe8 $16) 26. Bxe8 Rxe8 27. d5 f4 28.
Nf1 $16) 25. Bf3 f4 $5 $146 26. Bxg4 (26. gxf4 $6 Rxf4 27. Bxg4 (27. Rf1 Bxd2
28. Bxg4 Rxg4 $19) 27... Rxg4 28. Qa8+ Rg8 29. Rxe3 (29. Qf3 $2 Qxh2+ $1 30.
Kxh2 Rh6+ 31. Qh3 Bf4+ 32. Kh1 Rxh3#) 29... Rxe3 30. Qc6 Qg5 31. Rf1 Re6 $19)
26... Qxg4 27. Qf3 (27. Nf3 fxg3 28. Ne5 Qf4 29. Qxg3 (29. Rf1 Bf2 30. Nd3 Qh4
31. Nxf2 gxf2 32. Rad1 Re1 {/\Rg8 -+}) (29. Nd3 Qf5 $40) 29... Qxg3 30. hxg3
Rh6+ 31. Kg2 Rf2+ 32. Kg1 Re2+ (32... Rfh2+ $5) 33. Kf1 Rf2+ $10) 27... Qg7 28.
Re2 $2 (28. gxf4 $142 Rxf4 $8 29. Qxf4 $1 Bxf4 30. Rxe6 Qd7 31. Re2 {+/-/+- _|_
}) (28. Ne4 Qh6 (28... Rh6 $5) 29. Re2 $1 (29. gxf4 $6 Rxf4 30. Qxe3 Rf1+ $1
31. Rxf1 Qxe3 32. Rae1 $13) 29... Rfe8 30. Nc5 Rf6 31. Rae1 $16) 28... fxg3 29.
Qxg3 Qh6 30. Rae1 (30. Rf1 $142 Bxd2 $1 (30... Rg8 $2 31. Qe1 $16) 31. Rxf8+
Qxf8 32. Rxe6 (32. Rxd2 Qf1+ 33. Qg1 Qf3+ 34. Rg2 Re2 {/\Qe4 -+} 35. h3 $8 Rxb2
(35... Qxh3+ 36. Qh2 Re1+ 37. Rg1 Qf3+ $10) 36. Kh2 Qxc3 $15) 32... Qf1+ 33.
Qg1 Qf3+ 34. Qg2 Qd1+ $10) 30... Rg8 31. Qf3 $6 (31. Rxe3 Rxg3 32. Rxe6 Rg6 33.
R6e2 $10) 31... Bf4 $2 (31... Qg7 $1 32. h3 (32. Qf1 Rf6 33. Qxf6 (33. Nf3 $4
Rxf3 $19) 33... Qxf6 34. Rxe3 Qf2 35. R3e2 Rg1+ $1 36. Rxg1 Qxe2 $17) 32... Rf8
33. Qd5 Qh6 34. Rh2 Ref6 $1 35. Rxe3 $8 Qxe3 36. Qe5 Qxe5 37. dxe5 Rf5 $17) 32.
Ne4 $1 Reg6 33. d5 $16 Qg7 34. Qf1 Bb8 35. d6 $6 $138 Ba7 $138 (35... Bxd6 36.
Nxd6 Rxd6 37. Re7 $16) 36. Ng3 Rh6 (36... Rxd6 37. Re7 $16) (36... Qb7+ $5 {
/\Rxd6}) 37. Qf3 Bb6 (37... Rxd6 $2 38. Re7 $18) (37... Qxg3 38. Qxg3 Rxg3 39.
Re8+ Rg8 40. Rxg8+ Kxg8 41. d7 Bb6 42. Re8+ Kf7 43. d8=Q Bxd8 44. Rxd8 Re6 45.
Rd2 $16) 38. Re6 Rh3 $6 (38... Rxe6 $142 39. Rxe6 Rf8) 39. Kg2 $18 Rh4 40. Qf6
1-0

[Event "Belgrade GMA op"]
[Site "Belgrade"]
[Date "1988.??.??"]
[Round "?"]
[White "Zapata, Alonso"]
[Black "Pavlovic, Milos"]
[Result "1-0"]
[WhiteElo "2480"]
[BlackElo "2390"]
[Annotator "Blatny,P"]
[PlyCount "75"]
[EventDate "1988.12.??"]
[EventType "swiss"]
[EventRounds "9"]
[EventCountry "YUG"]
[SourceTitle "TD"]
[Source "ChessBase"]
[SourceDate "1994.03.01"]
[SourceVersion "1"]
[SourceVersionDate "1994.03.01"]
[SourceQuality "1"]

1. e4 e5 2. Nf3 Nc6 3. Bb5 a6 4. Ba4 Nf6 5. O-O Be7 6. Re1 b5 7. Bb3 O-O 8. c3
d5 9. exd5 Nxd5 10. Nxe5 Nxe5 11. Rxe5 c6 12. d3 Bd6 13. Re1 Qh4 14. g3 Qh3 15.
Re4 Qf5 16. Nd2 Qg6 (16... Nf6 17. Re1 Qxd3 18. Ne4 $1 $16) 17. a4 $1 {17.R e1;
17.Nf1} f5 $6 (17... Bf5 18. axb5 axb5 (18... Bxe4 $2 19. dxe4 $18) 19. Rxa8
Rxa8 20. Re1 Bxd3 (20... Nf4 $6 21. Ne4 $16) 21. Nf3 $16 {/\ 22.Nh4, 22.Nd4}) (
17... Nf6 $5 18. Re1 Bg4 19. f3 Bh3 (19... Bf5 20. Ne4 Bxe4 $8 21. fxe4 (21.
dxe4 Bxg3 22. Re2 Bf4+ 23. Rg2 Qh6 $10) 21... Bxg3 22. Re2 Bf4+ 23. Rg2 Qh6 24.
Bxf4 Qxf4 25. Qe2 $16 {|^[+]}) 20. Nf1 Rae8 21. Be3 h5 22. d4 h4 23. Bc2 Bf5
24. Bxf5 Qxf5 25. axb5 axb5 26. Ra6 $14) 18. Rd4 f4 19. Ne4 $16 (19. Rxd5 $6
cxd5 20. Bxd5+ Kh8 21. Bxa8 fxg3 22. fxg3 Bxg3 23. Bg2 Bxh2+ 24. Kxh2 Qh6+ $10)
19... Bg4 20. Qf1 (20. f3 $2 Bxf3 21. Qxf3 fxg3 22. Qg2 gxh2+ 23. Kh1 Qxg2+ 24.
Kxg2 Rf1 $19) 20... Be5 (20... fxg3 21. hxg3 Bf3 {/\ Qh5} 22. Nxd6 $18) 21.
Rxd5 cxd5 22. Bxd5+ Kh8 23. Bxa8 fxg3 24. Nxg3 $18 Rxa8 25. axb5 h5 26. Rxa6
Rxa6 27. bxa6 h4 28. a7 Bf3 29. Qh3 Bxg3 30. hxg3 Qxd3 31. Qxh4+ Kg8 32. Qa4 $1
Qd8 33. Qc4+ Bd5 34. Qf4 Qa5 35. Qf5 Qa2 36. Qc8+ Kh7 37. c4 Be4 38. Qh3+ 1-0

[Event "Santiago m"]
[Site "Santiago de Chile"]
[Date "1997.01.17"]
[Round "2"]
[White "Morovic Fernandez, Ivan"]
[Black "Adams, Michael"]
[Result "1/2-1/2"]
[WhiteElo "2580"]
[BlackElo "2660"]
[Annotator "Blatny,P"]
[PlyCount "84"]
[EventDate "1997.01.16"]
[EventType "match"]
[EventRounds "6"]
[EventCountry "CHI"]
[SourceTitle "CBM 057"]
[Source "ChessBase"]
[SourceDate "1997.04.01"]
[SourceVersion "1"]
[SourceVersionDate "1997.04.01"]
[SourceQuality "1"]

1. e4 e5 2. Nf3 Nc6 3. Bb5 a6 4. Ba4 Nf6 5. O-O Be7 6. Re1 b5 7. Bb3 O-O 8. c3
d5 9. exd5 Nxd5 10. Nxe5 Nxe5 11. Rxe5 c6 12. d4 Bd6 13. Re1 Qh4 14. g3 Qh3 15.
Be3 Bg4 16. Qd3 Rae8 17. Nd2 Qh5 $5 18. a4 (18. Nf1 Re6 19. Bd1 f5 20. Bxg4
Qxg4 (20... fxg4 $5) 21. Bd2 Rg6 22. Kg2 $6 (22. Qe2 Qh3 23. f3 f4 $140 24. Qg2
$1 $13) 22... f4 23. f3 Qh5 24. g4 Qh4 $1 25. Re2 Rxg4+ $1 26. fxg4 f3+ 27. Kh1
fxe2 28. Qxe2 Kh8 29. Kg1 h6 30. Qg2 Bf4 $17 {[%csl Ra1,Gd5,Gf4,Gf8,Rg1,Rh3,
Gh4][%cal Gf8f1,Gd5f4,Gd5e3] Ivanchuk,V-Adams,M/Terrassa 1991/ 0-1 (42)}) (18.
c4 Bf5 19. Qe2 Bg4 20. Qd3 (20. Qf1 Bh3 21. Qe2 (21. Bd1 $2 Qf5 (21... Bxf1 22.
Bxh5 Bxc4 23. Nxc4 bxc4 24. Bd2 $13) 22. Qe2 (22. g4 $2 Bxg4 23. cxd5 $4 Bh3
$19) 22... bxc4 23. Qxc4 (23. Nxc4 Bb4 24. Nd2 Nxe3 25. fxe3 Qa5 26. Nb3 Qd5
27. e4 (27. Nd2 $2 Rxe3 $1 $19) 27... Qd7 $19) 23... Bb4 $17) 21... Bg4 $11)
20... Bf5 21. Qe2 Bg4 22. Qd3 Bf5 {1/2-1/2 Rupasinghe,S-Forster,R/WchJ-U16
Singapore 1990}) 18... Bf5 19. Qf1 (19. Qe2 Bg4 20. Qd3 Bf5 {1/2-1/2 Howell,
J-Adams,M/Dublin zt 1993}) 19... Bh3 20. Bd1 Qf5 21. Qe2 c5 $1 {~~ Adams 1991}
22. Nf3 $1 $146 {[%cal Yf3h4] Der Springer kann häufig sehr wirkungsvoll nach
h4 ziehen.} (22. axb5 cxd4 (22... axb5 23. Qxb5 $140 $4 cxd4 24. cxd4 Nxe3 $19)
23. cxd4 axb5 {/\Bb4|^}) 22... b4 $6 (22... Bg4 $142 $1) (22... Nf4 23. Qc2 Nd3
24. Nh4 $1 Nxe1 25. Qxf5 Bxf5 26. Nxf5 Bc7 27. dxc5 $16) (22... Bf4 $142 {Adams
} 23. Qd2 Nxe3 24. fxe3 Bh6 $14) 23. Qxa6 (23. Bc2 Qc8 24. Ng5 Bf5 $132) 23...
bxc3 24. bxc3 (24. Qxd6 $4 cxb2 $19) 24... Nxc3 $5 25. Qxd6 Nxd1 26. Nh4 $1 {[]
} (26. Raxd1 $4 Qxf3 $19) 26... Rxe3 $1 27. Raxd1 $1 (27. Rexd1 Qe4 $1 28. fxe3
(28. Qf4 Qxf4 29. gxf4 Re4 30. Rd3 $1 (30. dxc5 $2 Rxf4 $19) 30... Bc8 31. dxc5
Rxf4 32. Ng2 (32. Nf3 Rg4+ $1 33. Kh1 Rc4 $17) 32... Rc4 $13) (28. dxc5 $6 Re8
$1 29. fxe3 $8 $11) 28... Qxe3+ 29. Kh1 Qe4+ $11) 27... Rxe1+ 28. Rxe1 Qc2 29.
dxc5 $1 (29. Qxc5 Qxa4 $14 {_|_}) 29... Qxa4 30. Ng2 $2 (30. c6 $142 $1 h6 31.
Ng2 $18 {Gewinnt einfach für Weiß.}) 30... Qb4 $1 {Bremst den c-Bauern.} 31.
Qe5 $16 {Weiß hat nicht nur den c-Bauern. Nun bereitet er einen gefährlichen
Königsangriff mit Dame und Springer vor.} Bd7 32. Nf4 Bc6 $1 33. Nh5 $1 f6 (
33... Qg4 34. h3 $1 Qg6 35. Nf4 Qc2 36. Qd6 {/\Nd5+-}) 34. Qe7 $6 (34. Qe6+ $1
Kh8 (34... Rf7 35. Rd1 $1 $18) 35. Qe7 Rg8 36. Nf4 $16 {Fritz_|_} (36. Nxf6 Qc3
$1 37. Nxg8 Qf3 38. Kf1 $8 Bb5+ 39. Kg1 Bc6 $11 {Diese Variante hatte Adams in
der Partie gesehen.}) (36. Nxg7 $5 {Fritz} Rxg7 (36... Qg4 $2 37. Qxf6 $1 (37.
Ne6 $2 Qf3) 37... Rxg7 38. Qxc6 $18) 37. Qf8+ Rg8 38. Qxf6+ Rg7 39. Rd1 $1 Qe4
$1 40. Rd8+ Be8 41. c6 Kg8 $13 (41... Qe1+ 42. Kg2 Qe4+ 43. Qf3 $1 $18 {_|_}
Qxf3+ 44. Kxf3 Rg8 45. c7 Bc6+ 46. Ke3 Bb7 47. Kd4 Kg7 48. Kc5 Bc8 49. Kb6 Rf8
50. Rxc8 Rxc8 51. Kb7 $18))) 34... Rf7 35. Qd8+ Rf8 36. Qe7 Rf7 37. Qe6 Bd7 $1
(37... Qxc5 38. Rd1 h6 $1 (38... Qb6 39. Rc1 $18) 39. Nf4 $36) 38. Qe3 Rf8 39.
Qe7 Rf7 40. Qe3 Rf8 41. Qc1 Re8 42. Rxe8+ Bxe8 (42... Bxe8 43. Nf4 Bc6 $44 {
[%csl Rc5,Gc6,Rf3,Rg2,Rh1][%cal Gc6h1] _|_}) 1/2-1/2

[Event "Interzonal-14b"]
[Site "Szirak"]
[Date "1987.??.??"]
[Round "10"]
[White "Ljubojevic, Ljubomir"]
[Black "Nunn, John DM"]
[Result "0-1"]
[WhiteElo "2625"]
[BlackElo "2585"]
[Annotator "Blatny,P"]
[PlyCount "52"]
[EventDate "1987.07.??"]
[EventType "tourn"]
[EventRounds "17"]
[EventCountry "HUN"]
[EventCategory "12"]
[SourceTitle "CBM 003"]
[Source "ChessBase"]
[SourceDate "1988.04.01"]
[SourceVersion "1"]
[SourceVersionDate "1988.04.01"]
[SourceQuality "1"]

1. e4 e5 2. Nf3 Nc6 3. Bb5 a6 4. Ba4 Nf6 5. O-O Be7 6. Re1 b5 7. Bb3 O-O 8. c3
d5 9. exd5 Nxd5 10. Nxe5 Nxe5 11. Rxe5 c6 12. d4 Bd6 13. Re2 Qh4 14. g3 Qh3 15.
Nd2 Bf5 16. Bc2 (16. f3 $2 Bd3 17. Rf2 (17. Rg2 $2 Qxg2+ $19) 17... Bxg3 18.
hxg3 Qxg3+ $17) 16... Bxc2 (16... Rae8 17. Bxf5 Qxf5 18. Rxe8 Rxe8 19. Nf3 Nf6
$14) 17. Qxc2 f5 18. c4 $5 (18. f4 Qg4 19. Nf1 Bxf4 20. Rf2 Bxc1 $13) 18... Qg4
$1 (18... Nf4 $2 19. gxf4 Qg4+ 20. Kf1 Rae8 21. Qd3 $18) (18... Nf6 $5) 19. Re6
$5 (19. Nf1 bxc4 20. Qxc4 f4 21. Qxc6 fxg3 22. Qxd5+ Kh8 $17) (19. Re1 f4 20.
f3 Qh3 21. cxd5 fxg3 22. Nf1 gxh2+ 23. Kh1 Rf6 $13) 19... Nf4 (19... f4 $142 $1
20. Qe4 $1 (20. cxd5 $2 fxg3 21. hxg3 Bxg3 22. Qe4 Bxf2+ 23. Kf1 Bh4+ $19) (20.
Rxd6 fxg3 21. hxg3 Rxf2 $1 22. Kxf2 Rf8+ $19) 20... Ne3 $1 21. Nf3 $1 (21. fxe3
Qd1+ 22. Kg2 fxg3 $1 23. Rxd6 Rf2+ 24. Kh3 Rxh2+ 25. Kxg3 Qg1+ $19) (21. Nf1
Nxf1 22. Kxf1 Qh3+ 23. Ke1 Qxh2 24. Rxd6 fxg3 25. fxg3 Rf2 $1 $19) 21... fxg3 (
21... Nxc4 $2 22. b3) 22. Qxg4 (22. Bxe3 gxf2+ 23. Kxf2 Rxf3+ 24. Qxf3 Qxe6 $19
) 22... gxf2+ 23. Kxf2 Nxg4+ 24. Kg2 Rf6 $15 {Nunn,J}) 20. Rxd6 $2 (20. f3 $142
$1 Nh3+ 21. Kg2 Nf4+ (21... Qh5 22. Nf1 Rae8 23. Rxe8 Rxe8 24. Be3 f4 25. g4
Qf7 26. Bf2 Nxf2 27. Kxf2 bxc4 28. Nd2 $16) 22. Kh1 (22. Kg1 Nh3+ 23. Kg2 Nf4+
$10 {Huebner-Timman/Tilburg/1987/}) 22... Qh3 23. gxf4 Bxf4 $1 (23... Rae8 24.
Re5 $1 $18) 24. Re2 $8 Rae8 25. Qd1 (25. Qd3 $2 Bxh2 $1 $19) 25... Qh5 $1 {
/\ 26...Re2 27.Qe2 Re8 28.Qf2 Re1-+} (25... Re3 26. Rf2 Bg3 27. Nf1 $1 $18) (
25... Re6 26. d5 $1 {Ljubojevic,Lj} Re5 (26... Rh6 27. Qg1) 27. Rg2 Rfe8 28.
Ne4 $1 fxe4 29. Bxf4 exf3 30. Rf2 (30. Rg3 Re1+ $3 31. Qxe1 Rxe1+ 32. Rxe1 f2
$1 $19) 30... Re2 31. Qf1 Qxf1+ 32. Rfxf1 $18) 26. Rf2 $1 Qh4 27. Qf1 Rf6 $40)
20... Rae8 $19 21. cxb5 (21. Nf1 Nh3+ 22. Kg2 Re2 (22... Re2 23. Qd3 (23. Ne3
Rxc2 24. Nxg4 fxg4 25. Be3 Nxf2 $19) 23... Rxf2+ 24. Kh1 Rxf1+ 25. Qxf1 Qe4+
26. Qg2 Qe1+ $19)) (21. Nf3 Re2 22. Qb3 Nh3+ 23. Kh1 Rxf2 24. cxb5+ Kh8 25. Bf4
(25. Bh6 Rxf3 26. Qf7 Rf1+ $19) 25... Rxf3 26. Qf7 Rg8 27. Re1 Rxf4 28. Qxg8+
Kxg8 29. Rd8+ Kf7 30. Rd7+ Kg6 31. Rd6+ Kh5 $19 {Nunn,J}) 21... Re2 $1 {/\ Nh3}
22. Qc4+ (22. Qxc6 Re1+ $19) 22... Kh8 23. Qxe2 Nxe2+ 24. Kg2 f4 $1 25. bxc6 (
25. f3 fxg3 $1 26. fxg4 Rf2+ 27. Kh3 Rxh2#) 25... fxg3 26. hxg3 Nf4+ 0-1

[Event "Interzonal-14c"]
[Site "Zagreb"]
[Date "1987.??.??"]
[Round "9"]
[White "Ehlvest, Jaan"]
[Black "Nikolic, Predrag"]
[Result "1-0"]
[WhiteElo "2540"]
[BlackElo "2620"]
[Annotator "Blatny,P"]
[PlyCount "139"]
[EventDate "1987.08.01"]
[EventType "tourn"]
[EventRounds "17"]
[EventCountry "YUG"]
[EventCategory "12"]
[SourceTitle "CBM 004"]
[Source "ChessBase"]
[SourceDate "1988.06.01"]
[SourceVersion "1"]
[SourceVersionDate "1988.06.01"]
[SourceQuality "1"]

1. e4 e5 2. Nf3 Nc6 3. Bb5 a6 4. Ba4 Nf6 5. O-O Be7 6. Re1 b5 7. Bb3 O-O 8. c3
d5 9. exd5 Nxd5 10. Nxe5 Nxe5 11. Rxe5 c6 12. d4 Bd6 13. Re2 Qh4 14. g3 Qh5 15.
Nd2 Bh3 16. f3 Bc7 17. Ne4 Qxf3 $5 (17... Rae8) 18. Ng5 Qh5 19. Nxh3 Qxh3 20.
Bd2 $14 {^^} Rae8 21. Qf1 Qd7 22. Rae1 Rxe2 23. Qxe2 a5 $2 (23... Bd8 $1 {
/\ Bf6, g6, Rd8=}) 24. Qe4 Bd8 25. Bc2 g6 26. Bh6 Nf6 27. Qf3 Re8 28. Rxe8+
Qxe8 29. Qe3 Qxe3+ $6 (29... Qd7 $142) 30. Bxe3 $16 {>< a5} Nd5 31. Bd2 f5 32.
a4 $1 b4 33. Bd1 bxc3 34. bxc3 h5 35. Kf1 Kf7 36. Bf3 Ke6 37. Ke2 Kd7 38. Kd3
h4 39. gxh4 Bxh4 40. Kc4 Nb6+ 41. Kb3 Nd5 $6 (41... Bf6 42. c4 Bxd4 43. Bxa5
$16) 42. c4 Nb4 43. c5 $1 {>< c6} Kc7 44. Kc4 (44. Bxb4 $18) 44... Kb7 45. Bxb4
axb4 46. Kxb4 g5 47. h3 Be1+ 48. Kc4 Kc7 (48... g4 49. hxg4 fxg4 50. Bxg4 {
/\ Bf3-c6, d5, Kb5+-}) 49. Bh5 Ba5 50. Bg6 f4 51. Be4 Be1 52. Bf3 Ba5 53. Bh1 (
53. d5 cxd5+ 54. Bxd5 Kb8 55. Kb5 Bd8 56. a5 Ka7 57. a6 Kb8 58. Bf3 Ka7 59. Be2
Be7 60. Kc6 f3 61. Bd3 Kb8 62. Kd5 Kc7 63. c6 Kb8 64. Ke6 Bd8 65. Kd7 Bb6 66.
a7+ Kxa7 67. c7 Bxc7 68. Kxc7 Ka8 69. Kd6 Kb7 70. Ke5 Kc7 71. Kf6 Kd8 72. Kxg5
Ke7 73. Kg6 Kf8 74. Kh7 $1 $18) 53... Be1 54. Bg2 Ba5 55. Kd3 Be1 56. Ke4 Bc3
57. Bh1 Kd7 58. Bf3 Kc7 59. Ke5 Kd7 60. Be2 Kd8 $6 (60... Kc7 $142 61. Bg4 $1)
61. Kd6 Bxd4 62. a5 Kc8 63. a6 Kb8 64. Kxc6 Ka7 65. Kd6 f3 66. Bxf3 Kxa6 67. c6
Kb6 68. c7 Be5+ 69. Kxe5 Kxc7 70. Kf6 1-0

[Event "Olympiad-29"]
[Site "Novi Sad"]
[Date "1990.11.30"]
[Round "12"]
[White "Liang, Jinrong"]
[Black "Blatny, Pavel"]
[Result "1/2-1/2"]
[WhiteElo "2445"]
[BlackElo "2510"]
[Annotator "Blatny,P"]
[PlyCount "63"]
[EventDate "1990.11.17"]
[EventType "team-swiss"]
[EventRounds "14"]
[EventCountry "YUG"]
[SourceTitle "TD"]
[Source "ChessBase"]
[SourceDate "1994.03.01"]
[SourceVersion "1"]
[SourceVersionDate "1994.03.01"]
[SourceQuality "1"]
[WhiteTeam "China"]
[BlackTeam "Czechoslovakia"]
[WhiteTeamCountry "CHN"]
[BlackTeamCountry "CSR"]

1. e4 e5 2. Nf3 Nc6 3. Bb5 a6 4. Ba4 Nf6 5. O-O Be7 6. Re1 b5 7. Bb3 O-O 8. c3
d5 9. exd5 Nxd5 10. Nxe5 Nxe5 11. Rxe5 c6 12. d4 Bd6 13. Re1 Qh4 14. g3 Qh3 15.
Be3 Bg4 16. Qd3 Rae8 17. Nd2 f5 18. Qf1 Qh5 19. f4 Kh8 20. Bxd5 cxd5 21. a4
bxa4 22. Rxa4 g5 23. Raa1 $1 $8 Re6 24. fxg5 (24. Rxa6 $2 gxf4 25. Bxf4 (25.
Rxd6 Rxe3 $1 (25... fxe3 26. Rxe6 exd2 27. R1e2 f4 {Nunn} 28. R6e5 $1 $13) 26.
Re6 $8 (26. Qf2 Rfe8 27. Ra1 Re2 $19) 26... fxg3 27. Qg2 $8 Bh3 $1 28. Qxd5
gxh2+ 29. Kh1 (29. Kf2 Qh4+ 30. Kxe3 Qxe1+ 31. Kd3 h1=Q $19) 29... Bg2+ $3 30.
Qxg2 (30. Kxg2 $2 h1=Q+ $19) 30... Rxe6 31. Rxe6 Rg8 32. Qxg8+ $8 Kxg8 33. Re1
Qh3 $19 {P d3 [+]}) 25... Rxe1 26. Qxe1 Bxf4 27. gxf4 (27. Qe7 Bh6 $19) 27...
Be2 {0-1 Janosevic-Blatny, Bad Woerishofen 1989}) 24... Rfe8 25. Qf2 f4 26.
gxf4 (26. Bxf4 Re2 27. Rxe2 (27. Be5+ $2 R8xe5 28. Qf6+ Kg8 29. Rxe2 Rxe2 30.
h4 (30. Nf1 Bf3 $19) 30... Qe8 $19) (27. Bxd6 Rxf2 28. Rxe8+ Qxe8 29. Be5+ $8
Kg8 (29... Qxe5 $5 30. dxe5 Rxd2 31. Rxa6 Rxb2) 30. Kxf2 Qb5 $1 31. Re1 $8 Qxb2
32. Bf4 Qxc3 $19 {xf3,g2,e2; a}) 27... Rxe2 28. Qxe2 (28. Be5+ Kg8) 28... Bxe2
29. Bxd6 Qxg5 30. Bf4 $13) 26... Bh3 $5 {N} (26... h6 {48/465}) 27. Rxa6 (27.
Kh1 $5 h6 $13 {Hellers-Blatny, Stockholm 1989}) 27... Rxe3 (27... Qg4+ 28. Qg3
(28. Kh1 $4 Rxe3 29. Rxe3 Rxe3 30. Rxd6 Re1+ $19) 28... Rxe3 29. Rxe3 Qd1+ 30.
Qe1 $10) 28. Rxe3 Qg4+ (28... Qd1+ $2 29. Qf1 $3 Bxf1 30. Rxe8+ Kg7 31. Ra7+
Kg6 32. Rg8+ Kf5 (32... Kh5 33. Rxh7+ Kg4 34. Nxf1 Bxf4 35. Re7 $1 Kf3 (35...
Kh3 36. Rh8+ Kg4 37. g6 $18) 36. Rf8 {P g6; ef7} Qc2 37. Re3+ Kg4 38. Rg3+ $18)
33. Rf7+ Ke6 (33... Kg4 34. Nxf1 Bxf4 35. g6 Be3+ 36. Kh1 hxg6 37. Rxg6+ Kh5
38. Rg2 $18) 34. Rf6+ Ke7 35. Nxf1 Qg4+ 36. Ng3 Bxf4 37. Rg7+ Ke8 38. g6 Bxg3
39. Rg8+ Ke7 40. Rf7+ Ke6 41. gxh7 Bxh2+ 42. Kxh2 Qe2+ 43. Kg1 $18) 29. Qg3 (
29. Rg3 Qd1+ 30. Nf1 Bxf1 31. Qxf1 Re1 32. Rf3 Rxf1+ 33. Rxf1 Qg4+ 34. Kh1 Qe2
35. Raa1 Qe4+ 36. Kg1 Bxf4 $19) 29... Qd1+ 30. Qe1 Qg4+ (30... Qxe1+ $6 31.
Rxe1 Rxe1+ 32. Kf2 Re6 33. Kf3 $14) 31. Qg3 Qd1+ 32. Qe1 1/2-1/2